000 00405nam a2200133Ia 4500
050 _aPL 8704
_bK54 2003
100 _aKIHORE,Y.M.
_9807
245 0 _aSARUFI MAUMBO YA KISWAHILI SANIFU(SAMKISA) SECONDARI NA VYUO
020 _a9976 911 432
260 _aCHUO KIKUU CHA DAR ES SALAAM
_bDAR ES SALAAM
_c2003
040 _cChuka University Library
942 _cBK
008 230105s9999||||xx |||||||||||||| ||und||
999 _c6717
_d6717